A copy of a marrige-certificate of the people called Quakers. : Importing the method used among them: /

Bibliographic Details
Format: eBook
Language:English
Published: [London: sine loco] 1685.
Series:Early English books online.
Subjects:
Online Access:Connect to the full text of this electronic book

MARC

Tag First Indicator Second Indicator Subfields
LEADER 00000nam a2200000Ia 4500
001 in00004328021
005 20200812090228.0
006 m g d
007 cr bn |||a|bb|
008 010525s1685 enk o 000 0 eng d
035 |a (OCoLC)47012364 
040 |a EAE  |c EAE  |e dcrb 
037 |a CL0037000115  |b ProQuest Information and Learning. 300 N. Zeeb Rd., Ann Arbor, MI 48106 
043 |a e-uk-en 
090 |a BX7748  |b .M37 
049 |a UMIA 
245 0 2 |a A copy of a marrige-certificate of the people called Quakers. :  |b Importing the method used among them: /  |c Humbly presented to the members of Parliament, to manifest the said peoples Christian care, and righteous proceedings, not admitting clandestine or unwarrantable marriages amongst them. And therefore they humbly request that their marriages may not be rendered clandestine or illegal, not they or their children exposed to suffering on that account. 
260 |a [London:  |b sine loco]  |c 1685. 
300 |a 1 online resource (1 sheet. 
336 |a text  |b txt  |2 rdacontent 
337 |a computer  |b c  |2 rdamedia 
338 |a online resource  |b cr  |2 rdacarrier 
500 |a Place of publication suggested by Wing (2nd edition) 
500 |a Reproduction of original in: Friends' Library (London, England). 
510 4 |a Wing (2nd edition)  |c C6177A 
533 |a Electronic reproduction.  |b Ann Arbor, Mich. :  |c UMI,  |d 1999-  |f (Early English books online)  |n Digital version of: (Early English Books, 1641-1700 ; 2684:6)  |7 s1999 miun s 
650 0 |a Society of Friends  |x Marriage services  |v Early works to 1800. 
650 0 |a Society of Friends  |x Marriage customs and rites  |v Early works to 1800. 
655 7 |a Broadsides  |z England  |y 17th century.  |2 rbgenr 
830 0 |a Early English books online. 
856 4 0 |u http://proxy.library.tamu.edu/login?url=https://search.proquest.com/docview/2240880934  |z Connect to the full text of this electronic book  |t 0 
999 f f |s b34c5faa-5f62-3ab0-bf52-160876500af8  |i c5bb9363-bab1-32c7-b2fc-460b82410cb6  |t 0 
952 f f |a Texas A&M University  |b College Station  |c Electronic Resources  |d Available Online  |t 0  |e BX7748 .M37  |h Library of Congress classification 
998 f f |a BX7748 .M37  |t 0  |l Available Online